[Event "IV Integracyjny Turniej Szachowy "IDEA""]
[Site "Lubiewo k/Miedzyzdrojow"]
[Date "2015.05.27"]
[Round "3.6"]
[White "Pociejowski, Marek"]
[Black "Olszewski, Jerzy"]
[Result "1-0"]
[WhiteElo "1840"]
[BlackElo "1707"]
[Annotator "Kajetan Przysiecki"]
[PlyCount "109"]
[EventDate "2015.05.??"]
[EventType "swiss"]
[EventRounds "9"]
[EventCountry "POL"]
[Source "K. Przysiecki"]
[SourceDate "2015.05.25"]

1. d4 d5 2. c4 c6 3. Nf3 Nd7 4. Nc3 dxc4 5. a4 a5 6. e4 Nb6 7. Ne5 Be6 8. f4 g6
9. Be3 Bg7 10. Be2 f6 11. Nf3 Bg4 12. O-O Nh6 13. Qd2 Nf7 14. Rad1 O-O 15. d5
cxd5 16. exd5 Nd6 17. Nd4 Bd7 18. Ne6 Bxe6 19. dxe6 Qc7 20. Qd4 Nbc8 21. Nd5
Qd8 22. Qc5 Kh8 23. Bxc4 Nxc4 24. Qxc4 Nd6 25. Qd3 Ra6 26. Qb3 Rc6 27. Bb6 Qe8
28. Bxa5 Qa8 29. Bc3 Re8 30. h3 Qc8 31. Rfe1 f5 32. Rd3 Bxc3 33. Nxc3 h5 34.
Qd5 Kh7 35. Nb5 Nxb5 36. Qxb5 Rc1 37. Qe5 Rxe1+ 38. Qxe1 Qc4 39. Rd7 Qxa4 40.
Rxb7 Qxf4 41. b4 Qd6 42. Rd7 Qb6+ 43. Kh1 Kg8 44. Kh2 Kh7 45. Kg3 Qb8+ 46. Kf3
Qb6 47. Kf4 Qb8+ 48. Kg5 Qb6 49. g4 fxg4 50. Qe4 Qb5+ 51. Rd5 Qb8 52. Qxg6+ Kh8
53. Qxh5+ Kg7 54. Qf7+ Kh8 55. Kh6 1-0

[Event "IV Integracyjny Turniej Szachowy "IDEA""]
[Site "Lubiewo k/Miedzyzdrojow"]
[Date "2015.05.27"]
[Round "3.7"]
[White "Najdzionek, Boleslaw"]
[Black "Ostrowski, Michal"]
[Result "1-0"]
[WhiteElo "1801"]
[BlackElo "1339"]
[Annotator "Kajetan Przysiecki"]
[PlyCount "67"]
[EventDate "2015.05.??"]
[EventType "swiss"]
[EventRounds "9"]
[EventCountry "POL"]
[Source "K. Przysiecki"]
[SourceDate "2015.05.25"]

1. d4 Nf6 2. c4 e6 3. Nc3 c5 4. d5 d6 5. e4 e5 6. Nf3 Bg4 7. Be2 Be7 8. h3 Bxf3
9. Bxf3 Nbd7 10. O-O O-O 11. Be2 a6 12. Bd2 Ne8 13. a3 f5 14. exf5 Rxf5 15. Bd3
Rf7 16. Ne4 Ndf6 17. Ng5 e4 18. Nxf7 Kxf7 19. Bc2 Kg8 20. Qe1 g6 21. Bxe4 Nxe4
22. Qxe4 Ng7 23. Rae1 Bf6 24. b4 Be5 25. bxc5 Nf5 26. cxd6 Qxd6 27. Qxe5 Qxa3
28. Bc3 Qf8 29. Qh8+ Kf7 30. Qxh7+ Ng7 31. d6 Qg8 32. Re7+ Kf8 33. Bxg7+ Qxg7
34. Qxg7# 1-0

[Event "IV Integracyjny Turniej Szachowy "IDEA""]
[Site "Lubiewo k/Miedzyzdrojow"]
[Date "2015.05.27"]
[Round "3.10"]
[White "Mirski, Jerzy"]
[Black "Dulinski, Stanislaw"]
[Result "0-1"]
[WhiteElo "1746"]
[BlackElo "1692"]
[Annotator "Kajetan Przysiecki"]
[PlyCount "142"]
[EventDate "2015.05.??"]
[EventType "swiss"]
[EventRounds "9"]
[EventCountry "POL"]
[Source "K. Przysiecki"]
[SourceDate "2015.05.25"]

1. Nf3 Nf6 2. d4 d5 3. c4 c6 4. Nc3 Nbd7 5. e3 g6 6. b3 Bg7 7. Bd3 O-O 8. O-O
b6 9. Qc2 e6 10. Re1 Re8 11. Bb2 Nf8 12. e4 Qc7 13. e5 Ng4 14. h3 Nh6 15. Ba3
Qb7 16. Bd6 Nf5 17. Bxf5 exf5 18. cxd5 cxd5 19. Nb5 Bd7 20. Qd3 Ne6 21. Rac1
Nf4 22. Qf1 Rec8 23. Rc7 Rxc7 24. Nxc7 Rc8 25. Rc1 Bh6 26. Rc2 Ne6 27. Qd3 Nxc7
28. a4 Ne6 29. Rxc8+ Qxc8 30. g3 Bf8 31. Bxf8 Nxf8 32. Qe3 Kg7 33. h4 Ne6 34.
Qd2 a6 35. Qb4 b5 36. a5 Qd8 37. Qd6 Bc8 38. Qc6 h6 39. b4 g5 40. hxg5 hxg5 41.
Qc3 Qc7 42. Qd2 Kg6 43. Kg2 Qc4 44. Kh2 Bd7 45. Kg2 Qc8 46. Kg1 Qd8 47. Kg2 f4
48. g4 Kg7 49. Qd3 Kh6 50. Nh2 Qc8 51. f3 Qc4 52. Qd2 Kg7 53. Nf1 Nxd4 54. Qe1
Qc2+ 55. Qd2 Be6 56. Kf2 f5 57. exf6+ Kxf6 58. Qxc2 Nxc2 59. Ke2 Nxb4 60. Nd2
Nc6 61. Nb3 Ke5 62. Kd3 d4 63. Nc5 Nb4+ 64. Kd2 Kf6 65. Ne4+ Kg6 66. Nc5 Bd5
67. Ke2 d3+ 68. Kf2 Bc4 69. Ke1 Nc2+ 70. Kd2 Nd4 71. Nxa6 Nxf3+ 0-1

[Event "IV Integracyjny Turniej Szachowy "IDEA""]
[Site "Lubiewo k/Miedzyzdrojow"]
[Date "2015.05.27"]
[Round "3.11"]
[White "Kusnierz, Janusz"]
[Black "Szczerbak, Stefan"]
[Result "1/2-1/2"]
[WhiteElo "1707"]
[BlackElo "1568"]
[Annotator "Kajetan Przysiecki"]
[PlyCount "60"]
[EventDate "2015.05.??"]
[EventType "swiss"]
[EventRounds "9"]
[EventCountry "POL"]
[Source "K. Przysiecki"]
[SourceDate "2015.05.25"]

1. c4 c5 2. Nc3 e5 3. g3 d6 4. Bg2 Nf6 5. Nf3 Nc6 6. d3 a6 7. a3 Be7 8. O-O O-O
9. Rb1 Qc7 10. b4 cxb4 11. axb4 Rb8 12. b5 Nd4 13. Bd2 Nxf3+ 14. Bxf3 axb5 15.
Nxb5 Qd8 16. Ra1 Bh3 17. Bg2 Bxg2 18. Kxg2 Ra8 19. Qb3 d5 20. Bb4 dxc4 21. dxc4
Bxb4 22. Qxb4 Qb6 23. Rad1 Rfd8 24. Rd6 Rxd6 25. Qxd6 Qxd6 26. Nxd6 Ne8 27. c5
f6 28. Rb1 Nxd6 29. cxd6 Rd8 30. Rxb7 Rxd6 1/2-1/2

[Event "IV Integracyjny Turniej Szachowy "IDEA""]
[Site "Lubiewo k/Miedzyzdrojow"]
[Date "2015.05.27"]
[Round "4.1"]
[White "Seifert, Henryk"]
[Black "Zminda, Bogdan"]
[Result "1-0"]
[WhiteElo "2157"]
[BlackElo "1944"]
[Annotator "Kajetan Przysiecki"]
[PlyCount "97"]
[EventDate "2015.05.??"]
[EventType "swiss"]
[EventRounds "9"]
[EventCountry "POL"]
[Source "K. Przysiecki"]
[SourceDate "2015.05.25"]

1. e4 c5 2. Nf3 Nc6 3. Bb5 g6 4. O-O Bg7 5. c3 Nf6 6. Re1 O-O 7. d4 cxd4 8.
cxd4 d5 9. e5 Ne4 10. Bxc6 bxc6 11. Nbd2 c5 12. dxc5 Nxc5 13. Nb3 Nxb3 14. Qxb3
f6 15. Bf4 Bg4 16. Nd4 Rb8 17. Qg3 fxe5 18. Bxe5 Bxe5 19. Rxe5 Qd6 20. Rae1
Rxb2 21. f3 Bd7 22. Rxe7 Qxg3 23. hxg3 Rf7 24. R7e2 Rb4 25. Rd2 Kf8 26. Re5 Re7
27. Rxd5 Rb1+ 28. Kf2 Be6 29. Rd8+ Kf7 30. Nc6 Rc7 31. R8d6 Rb6 32. Rc2 Bd7 33.
Ne5+ Ke7 34. Rxc7 Kxd6 35. Rxd7+ Kxe5 36. Rxa7 Rb2+ 37. Kg1 h5 38. Ra5+ Kf6 39.
f4 Kg7 40. Kh2 Rb1 41. a4 Ra1 42. g4 hxg4 43. Kg3 Ra2 44. Ra6 Kh7 45. a5 Kg7
46. Ra8 Kh7 47. a6 Kg7 48. a7 Kh7 49. Kh4 1-0

[Event "IV Integracyjny Turniej Szachowy "IDEA""]
[Site "Lubiewo k/Miedzyzdrojow"]
[Date "2015.05.27"]
[Round "4.2"]
[White "Kozicz, Andrzej"]
[Black "Bobrowski, Piotr"]
[Result "1/2-1/2"]
[WhiteElo "2049"]
[BlackElo "2006"]
[Annotator "Kajetan Przysiecki"]
[PlyCount "58"]
[EventDate "2015.05.??"]
[EventType "swiss"]
[EventRounds "9"]
[EventCountry "POL"]
[Source "K. Przysiecki"]
[SourceDate "2015.05.25"]

1. e4 g6 2. g3 Bg7 3. Bg2 c5 4. Ne2 Nc6 5. Nbc3 a6 6. d3 b5 7. O-O Rb8 8. h3 e6
9. Qd2 Nge7 10. f4 d6 11. Kh2 O-O 12. Nd1 d5 13. Nf2 f5 14. e5 d4 15. c4 bxc4
16. dxc4 Qc7 17. Nd3 Nb4 18. Nxb4 Rxb4 19. b3 Rb8 20. Ba3 a5 21. Rab1 Bb7 22.
Nc1 Bxg2 23. Qxg2 Rfc8 24. Nd3 Qb6 25. Qc2 Bf8 26. g4 Nc6 27. gxf5 gxf5 28. Qf2
Nb4 29. Ne1 Qc6 1/2-1/2

[Event "IV Integracyjny Turniej Szachowy "IDEA""]
[Site "Lubiewo k/Miedzyzdrojow"]
[Date "2015.05.27"]
[Round "4.3"]
[White "Pociejowski, Marek"]
[Black "Strzelecki, Jerzy"]
[Result "0-1"]
[WhiteElo "1840"]
[BlackElo "2088"]
[Annotator "Kajetan Przysiecki"]
[PlyCount "136"]
[EventDate "2015.05.??"]
[EventType "swiss"]
[EventRounds "9"]
[EventCountry "POL"]
[Source "K. Przysiecki"]
[SourceDate "2015.05.25"]

1. d4 Nf6 2. c4 e6 3. Bg5 h6 4. Bxf6 Qxf6 5. e4 c5 6. e5 Qd8 7. d5 d6 8. exd6
Bxd6 9. Nf3 O-O 10. Be2 exd5 11. cxd5 Qb6 12. Qd2 Nd7 13. Nc3 Nf6 14. O-O Rd8
15. Kh1 Bd7 16. Bc4 a6 17. a3 Qc7 18. a4 Rab8 19. a5 Re8 20. Rfe1 Rxe1+ 21.
Qxe1 Bg4 22. Qe3 Re8 23. Qd3 Bd7 24. h3 Qc8 25. Ng1 Bf5 26. Qf3 Be4 27. Nxe4
Rxe4 28. b3 Qe8 29. g3 Qe5 30. Rd1 Qb2 31. Kg2 Re8 32. Qd3 Qe5 33. Nf3 Qe4 34.
Qxe4 Rxe4 35. Kf1 Kf8 36. Rd2 g6 37. Rd1 Ke8 38. Bd3 Re7 39. Bc4 Kd8 40. Kg2
Rd7 41. g4 Bc7 42. d6 Rxd6 43. Rxd6+ Bxd6 44. Bxf7 g5 45. Nd2 Kc7 46. Kf3 Be5
47. Ke2 Bc3 48. Nc4 Nd7 49. Kd3 Bxa5 50. Nxa5 Ne5+ 51. Ke4 Nxf7 52. Kf5 b6 53.
Nc4 Nd6+ 54. Nxd6 Kxd6 55. Kg6 b5 56. Kxh6 c4 57. bxc4 bxc4 58. f4 c3 59. f5 c2
60. Kxg5 c1=Q+ 61. Kg6 a5 62. h4 a4 63. g5 a3 64. f6 a2 65. f7 Ke7 66. h5 a1=Q
67. h6 Qcb1+ 68. Kh5 Kxf7 0-1

[Event "IV Integracyjny Turniej Szachowy "IDEA""]
[Site "Lubiewo k/Miedzyzdrojow"]
[Date "2015.05.27"]
[Round "4.4"]
[White "Urban, Marek"]
[Black "Pojedziniec, Wladyslaw"]
[Result "0-1"]
[WhiteElo "1796"]
[BlackElo "2048"]
[Annotator "Kajetan Przysiecki"]
[PlyCount "79"]
[EventDate "2015.05.??"]
[EventType "swiss"]
[EventRounds "9"]
[EventCountry "POL"]
[Source "K. Przysiecki"]
[SourceDate "2015.05.25"]

1. d4 Nf6 2. c4 g6 3. Nc3 Bg7 4. e4 d6 5. Be2 O-O 6. h3 Nbd7 7. Bf4 e5 8. dxe5
dxe5 9. Be3 c6 10. Qd2 Qe8 11. Nf3 Qe7 12. O-O Nc5 13. Qc2 Nh5 14. Qc1 Ne6 15.
Nh2 Nhf4 16. Kh1 Nxe2 17. Nxe2 Qh4 18. Ng3 Bd7 19. Nf3 Qe7 20. Re1 c5 21. Ng1
Nd4 22. Qd1 f5 23. exf5 gxf5 24. f4 e4 25. Qd2 Be6 26. Rac1 Rad8 27. Qf2 b6 28.
b3 Qf7 29. Red1 Bf6 30. N1e2 Nc6 31. Qe1 Nb4 32. Rxd8 Rxd8 33. Rd1 Rxd1 34.
Qxd1 Nxa2 35. Qd2 Nb4 36. Nc3 Qd7 37. Qxd7 Bxd7 38. Nd5 Nxd5 39. cxd5 Bd4 40.
Bc1 0-1

[Event "IV Integracyjny Turniej Szachowy "IDEA""]
[Site "Lubiewo k/Miedzyzdrojow"]
[Date "2015.05.27"]
[Round "4.5"]
[White "Winiarski, Kazimierz"]
[Black "Najdzionek, Boleslaw"]
[Result "1/2-1/2"]
[WhiteElo "1929"]
[BlackElo "1801"]
[Annotator "Kajetan Przysiecki"]
[PlyCount "107"]
[EventDate "2015.05.??"]
[EventType "swiss"]
[EventRounds "9"]
[EventCountry "POL"]
[Source "K. Przysiecki"]
[SourceDate "2015.05.25"]

1. e4 c5 2. Nc3 Nc6 3. f4 d6 4. d3 Nf6 5. h3 g6 6. Be3 Bg7 7. Qd2 Bd7 8. Nf3
Qc7 9. Be2 a6 10. a4 Rc8 11. O-O e6 12. d4 cxd4 13. Nxd4 O-O 14. g4 Nxd4 15.
Bxd4 Bc6 16. Bf3 e5 17. fxe5 dxe5 18. Be3 Rfd8 19. Qf2 Nd7 20. Be2 f6 21. Rfd1
Re8 22. Rd2 b6 23. Bxa6 Ra8 24. Bc4+ Kh8 25. Bd5 Bf8 26. Bxc6 Qxc6 27. Rad1 Nc5
28. Qf3 Nxa4 29. Rd7 Re6 30. Nxa4 Qxa4 31. Rd8 Rxd8 32. Rxd8 Kg7 33. Qe2 Be7
34. Rd1 Rc6 35. b3 Qa7 36. Rd5 Qa1+ 37. Rd1 Qc3 38. Qd3 Qxc2 39. Qxc2 Rxc2 40.
Bxb6 Rc3 41. Rb1 Rxh3 42. Kg2 Rc3 43. b4 Rc4 44. b5 Rxe4 45. Kf3 Rf4+ 46. Kg3
Kf7 47. Bc7 Rb4 48. Rxb4 Bxb4 49. g5 fxg5 50. Bxe5 Ba5 51. Kg4 h6 52. Bd4 Bd8
53. b6 h5+ 54. Kf3 1/2-1/2

[Event "IV Integracyjny Turniej Szachowy "IDEA""]
[Site "Lubiewo k/Miedzyzdrojow"]
[Date "2015.05.27"]
[Round "4.6"]
[White "Naruszewicz, Lukasz"]
[Black "Anglart, Edward"]
[Result "1/2-1/2"]
[WhiteElo "1769"]
[BlackElo "1877"]
[Annotator "Kajetan Przysiecki"]
[PlyCount "117"]
[EventDate "2015.05.??"]
[EventType "swiss"]
[EventRounds "9"]
[EventCountry "POL"]
[Source "K. Przysiecki"]
[SourceDate "2015.05.25"]

1. d4 d5 2. c4 e6 3. Nf3 Nf6 4. e3 Be7 5. a3 O-O 6. Nc3 b6 7. Qc2 Ba6 8. b3
dxc4 9. Bxc4 Bxc4 10. bxc4 Nbd7 11. e4 c5 12. d5 exd5 13. exd5 Bd6 14. O-O Ne5
15. Nxe5 Bxe5 16. h3 Re8 17. Bb2 a6 18. Na4 Qd6 19. Bxe5 Rxe5 20. Rab1 Rb8 21.
Rfe1 Rxe1+ 22. Rxe1 b5 23. cxb5 axb5 24. Qxc5 Qxd5 25. Qc7 Rf8 26. Nb6 Qd2 27.
Re3 h6 28. Qc6 b4 29. axb4 Qxb4 30. Nd7 Nxd7 31. Qxd7 Qb1+ 32. Kh2 Qb8+ 33. Rg3
Qf4 34. Qg4 Qe5 35. f4 Qf6 36. Rf3 Rd8 37. Rf2 Qd4 38. Qf3 Re8 39. f5 Re4 40.
f6 g5 41. g3 Qe5 42. Rd2 Re3 43. Qf2 h5 44. Rd5 Qxd5 45. Qxe3 Qa2+ 46. Kg1 Qa1+
47. Kg2 Qxf6 48. Qe2 Qg6 49. Qb2 Kh7 50. Kh2 Qf5 51. Kg2 f6 52. Qb7+ Kg6 53.
Qa8 Qc2+ 54. Kg1 Qd1+ 55. Kg2 Qe2+ 56. Kg1 Qe3+ 57. Kg2 g4 58. h4 Qe2+ 59. Kg1
1/2-1/2

[Event "IV Integracyjny Turniej Szachowy "IDEA""]
[Site "Lubiewo k/Miedzyzdrojow"]
[Date "2015.05.27"]
[Round "4.8"]
[White "Dulinski, Stanislaw"]
[Black "Krawiec, Stanislaw"]
[Result "1-0"]
[WhiteElo "1692"]
[BlackElo "1510"]
[Annotator "Kajetan Przysiecki"]
[PlyCount "98"]
[EventDate "2015.05.??"]
[EventType "swiss"]
[EventRounds "9"]
[EventCountry "POL"]
[Source "K. Przysiecki"]
[SourceDate "2015.05.25"]

1. e4 e5 2. f4 Nc6 3. Nf3 d6 4. Bb5 Bg4 5. O-O Nge7 6. c3 a6 7. Bc4 Bxf3 8.
Qxf3 f6 9. Be6 Ng6 10. f5 Nf4 11. Bb3 Na5 12. Bc2 Be7 13. d3 g5 14. Bxf4 exf4
15. Ba4+ b5 16. Qh5+ Kd7 17. Bc2 Qe8 18. Qe2 h5 19. a4 Qf7 20. b4 Nb7 21. Nd2
c6 22. d4 d5 23. Bb3 Nd6 24. Rfe1 Nc4 25. Nxc4 bxc4 26. Bc2 Bd6 27. e5 fxe5 28.
dxe5 Bxe5 29. Qxe5 Rae8 30. Qd4 Ra8 31. f6 Rhe8 32. Bf5+ Kc7 33. a5 Rab8 34.
Kf2 Rb7 35. Re2 Kb8 36. Rae1 Rxe2+ 37. Rxe2 g4 38. Qxf4+ Ka8 39. Qg5 Qc7 40. g3
c5 41. Re7 Qd6 42. Rxb7 Kxb7 43. Qg7+ Kc6 44. Qe7 cxb4 45. Qxd6+ Kxd6 46. cxb4
d4 47. Ke2 d3+ 48. Kd2 Ke5 49. f7 Kd4 1-0

[Event "IV Integracyjny Turniej Szachowy "IDEA""]
[Site "Lubiewo k/Miedzyzdrojow"]
[Date "2015.05.28"]
[Round "5.2"]
[White "Zminda, Bogdan"]
[Black "Bobrowski, Piotr"]
[Result "1-0"]
[WhiteElo "1944"]
[BlackElo "2006"]
[Annotator "Kajetan Przysiecki"]
[PlyCount "49"]
[EventDate "2015.05.??"]
[EventType "swiss"]
[EventRounds "9"]
[EventCountry "POL"]
[Source "K. Przysiecki"]
[SourceDate "2015.05.25"]

1. e4 g6 2. d4 Bg7 3. Nc3 c5 4. Nf3 cxd4 5. Nxd4 Nc6 6. Be3 Nf6 7. Nxc6 bxc6 8.
e5 Ng8 9. f4 d5 10. exd6 exd6 11. Bd4 Bxd4 12. Qxd4 Qf6 13. O-O-O Qxd4 14. Rxd4
d5 15. Na4 f5 16. c4 Nf6 17. cxd5 cxd5 18. Bb5+ Bd7 19. Re1+ Kd8 20. Bxd7 Kxd7
21. Nc3 Rac8 22. Kd2 Rc5 23. Re5 Rhc8 24. Nxd5 Rc2+ 25. Kd3 1-0

[Event "IV Integracyjny Turniej Szachowy "IDEA""]
[Site "Lubiewo k/Miedzyzdrojow"]
[Date "2015.05.28"]
[Round "5.3"]
[White "Strzelecki, Jerzy"]
[Black "Naruszewicz, Lukasz"]
[Result "1/2-1/2"]
[WhiteElo "2088"]
[BlackElo "1769"]
[Annotator "Kajetan Przysiecki"]
[PlyCount "57"]
[EventDate "2015.05.??"]
[EventType "swiss"]
[EventRounds "9"]
[EventCountry "POL"]
[Source "K. Przysiecki"]
[SourceDate "2015.05.25"]

1. Nf3 g6 2. d4 Bg7 3. c4 c6 4. e4 d6 5. Nc3 Nf6 6. Be2 O-O 7. h3 a6 8. O-O b5
9. a3 Bb7 10. Be3 Nbd7 11. Rc1 Qb8 12. Qc2 e6 13. Rfd1 Rc8 14. c5 Ne8 15. Rd2
d5 16. e5 f6 17. exf6 Bxf6 18. b4 Ng7 19. Qb3 Re8 20. a4 Nf5 21. Bg5 Qd8 22.
Bxf6 Qxf6 23. Bf1 e5 24. axb5 axb5 25. Ne4 Qe6 26. Neg5 Qf6 27. Ne4 Qe6 28.
Neg5 Qf6 29. Ne4 1/2-1/2

[Event "IV Integracyjny Turniej Szachowy "IDEA""]
[Site "Lubiewo k/Miedzyzdrojow"]
[Date "2015.05.28"]
[Round "5.4"]
[White "Najdzionek, Boleslaw"]
[Black "Kozicz, Andrzej"]
[Result "0-1"]
[WhiteElo "1801"]
[BlackElo "2049"]
[Annotator "Kajetan Przysiecki"]
[PlyCount "66"]
[EventDate "2015.05.??"]
[EventType "swiss"]
[EventRounds "9"]
[EventCountry "POL"]
[Source "K. Przysiecki"]
[SourceDate "2015.05.25"]

1. d4 d5 2. c4 e6 3. Nf3 f5 4. Nc3 c6 5. e3 Nf6 6. Be2 Bd6 7. Ne5 Ne4 8. O-O
Nxc3 9. bxc3 O-O 10. f4 Nd7 11. a4 Nxe5 12. dxe5 Bc5 13. Kh1 Kh8 14. Rf3 Qe7
15. Rg3 Bd7 16. Qb3 Rab8 17. Ba3 b5 18. cxb5 cxb5 19. Bxc5 Qxc5 20. a5 Rfc8 21.
Rc1 b4 22. c4 Bb5 23. h3 dxc4 24. Qb1 c3 25. Bxb5 Qxb5 26. e4 fxe4 27. Qxe4 Qd5
28. Qe2 Qd2 29. Qf1 Rf8 30. Rf3 Rfd8 31. Rf2 Qd4 32. Qe1 Rbc8 33. Rf3 Qd2 0-1

[Event "IV Integracyjny Turniej Szachowy "IDEA""]
[Site "Lubiewo k/Miedzyzdrojow"]
[Date "2015.05.28"]
[Round "5.5"]
[White "Winiarski, Kazimierz"]
[Black "Pociejowski, Marek"]
[Result "1-0"]
[WhiteElo "1929"]
[BlackElo "1840"]
[Annotator "Kajetan Przysiecki"]
[PlyCount "77"]
[EventDate "2015.05.??"]
[EventType "swiss"]
[EventRounds "9"]
[EventCountry "POL"]
[Source "K. Przysiecki"]
[SourceDate "2015.05.25"]

1. e4 Nf6 2. e5 Nd5 3. d4 d6 4. Nf3 Bf5 5. a3 e6 6. Bd3 Bxd3 7. Qxd3 Nc6 8. O-O
Be7 9. Nbd2 O-O 10. Ne4 h6 11. Bd2 f5 12. exf6 Nxf6 13. Rae1 d5 14. Ng3 Kf7 15.
Re2 Qd6 16. Rfe1 Nd8 17. Ne5+ Kg8 18. Qg6 Kh8 19. Qd3 Kg8 20. Bb4 Qxb4 21. axb4
Bxb4 22. c3 Bd6 23. f4 c5 24. f5 c4 25. Qd2 exf5 26. Ng6 Bxg3 27. hxg3 Rf7 28.
Qf4 Ne4 29. Qe5 Kh7 30. Nh4 g6 31. Qxd5 Rc8 32. Rxe4 fxe4 33. Qxe4 Rc6 34. Rf1
Rg7 35. d5 Rc5 36. Rf6 Rcc7 37. Rxg6 Rxg6 38. Qxg6+ Kh8 39. Qf6+ 1-0

[Event "IV Integracyjny Turniej Szachowy "IDEA""]
[Site "Lubiewo k/Miedzyzdrojow"]
[Date "2015.05.28"]
[Round "5.6"]
[White "Anglart, Edward"]
[Black "Muller, Marcin"]
[Result "1-0"]
[WhiteElo "1877"]
[BlackElo "1576"]
[Annotator "Kajetan Przysiecki"]
[PlyCount "28"]
[EventDate "2015.05.??"]
[EventType "swiss"]
[EventRounds "9"]
[EventCountry "POL"]
[Source "K. Przysiecki"]
[SourceDate "2015.05.25"]

1. e4 c5 2. Nf3 Nc6 3. d4 cxd4 4. Nxd4 g6 5. Nxc6 bxc6 6. Qd4 Nf6 7. e5 Nd5 8.
e6 f6 9. exd7+ Bxd7 10. Be2 e5 11. Qd1 Nb4 12. Bd2 Nd5 13. O-O Bg7 14. c4 Ne7
1-0

[Event "IV Integracyjny Turniej Szachowy "IDEA""]
[Site "Lubiewo k/Miedzyzdrojow"]
[Date "2015.05.28"]
[Round "5.9"]
[White "Olszewski, Jerzy"]
[Black "Dulinski, Stanislaw"]
[Result "1-0"]
[WhiteElo "1707"]
[BlackElo "1692"]
[Annotator "Kajetan Przysiecki"]
[PlyCount "66"]
[EventDate "2015.05.??"]
[EventType "swiss"]
[EventRounds "9"]
[EventCountry "POL"]
[Source "K. Przysiecki"]
[SourceDate "2015.05.25"]

1. e4 e5 2. Nf3 Nc6 3. Bc4 d6 4. d3 Be6 5. Bb3 Be7 6. c3 Nf6 7. Bxe6 fxe6 8.
Qb3 Qc8 9. Ng5 Nd8 10. O-O h6 11. Nh3 O-O 12. f4 Kh8 13. fxe5 dxe5 14. Be3 c5
15. Nd2 b6 16. Rf3 Nc6 17. Qd1 Qd7 18. Qe2 Nh7 19. Raf1 Rxf3 20. Rxf3 Rf8 21.
Rxf8+ Nxf8 22. Nf2 Qe8 23. Qg4 Qg6 24. Nf3 Qxg4 25. Nxg4 Ng6 26. g3 Kg8 27. h4
b5 28. Nf2 Kf7 29. Kf1 h5 30. Ke2 a6 31. Ng5+ Kf6 32. Nfh3 Bd6 33. Ng1 Nge7 1-0

[Event "IV Integracyjny Turniej Szachowy "IDEA""]
[Site "Lubiewo k/Miedzyzdrojow"]
[Date "2015.05.28"]
[Round "5.10"]
[White "Ostrowski, Michal"]
[Black "Kusnierz, Janusz"]
[Result "0-1"]
[WhiteElo "1339"]
[BlackElo "1707"]
[Annotator "Kajetan Przysiecki"]
[PlyCount "58"]
[EventDate "2015.05.??"]
[EventType "swiss"]
[EventRounds "9"]
[EventCountry "POL"]
[Source "K. Przysiecki"]
[SourceDate "2015.05.25"]

1. Nc3 g6 2. e4 e5 3. Nf3 d6 4. Bc4 Bg7 5. Ne2 Nf6 6. Ng3 Nc6 7. O-O O-O 8. c3
Na5 9. Be2 b6 10. b4 Nc6 11. Bc4 Bb7 12. Bb3 Ne7 13. d3 Rc8 14. Bb2 c5 15. b5
Ne8 16. c4 f5 17. Ng5 Qd7 18. Bc3 f4 19. Nh1 Bf6 20. Nh3 Rf7 21. f3 Rg7 22.
N1f2 h5 23. a4 Bh4 24. Be1 g5 25. a5 Ra8 26. axb6 axb6 27. Rxa8 Bxa8 28. Qa1
Bb7 29. g4 fxg3 0-1

[Event "IV Integracyjny Turniej Szachowy "IDEA""]
[Site "Lubiewo k/Miedzyzdrojow"]
[Date "2015.05.28"]
[Round "5.11"]
[White "Krawiec, Stanislaw"]
[Black "Szczerbak, Stefan"]
[Result "0-1"]
[WhiteElo "1510"]
[BlackElo "1568"]
[Annotator "Kajetan Przysiecki"]
[PlyCount "25"]
[EventDate "2015.05.??"]
[EventType "swiss"]
[EventRounds "9"]
[EventCountry "POL"]
[Source "K. Przysiecki"]
[SourceDate "2015.05.25"]

1. Nf3 c5 2. e4 d6 3. c3 e5 4. Bc4 Be7 5. Qb3 Nh6 6. d4 O-O 7. Bxh6 gxh6 8.
dxe5 dxe5 9. Nxe5 Bf6 10. Nxf7 Qe7 11. Nd6+ Kh8 12. Nxc8 Qxe4+ 13. Kf1 0-1

[Event "IV Integracyjny Turniej Szachowy "IDEA""]
[Site "Lubiewo k/Miedzyzdrojow"]
[Date "2015.05.29"]
[Round "6.1"]
[White "Seifert, Henryk"]
[Black "Strzelecki, Jerzy"]
[Result "1-0"]
[WhiteElo "2157"]
[BlackElo "2088"]
[Annotator "Kajetan Przysiecki"]
[PlyCount "91"]
[EventDate "2015.05.??"]
[EventType "swiss"]
[EventRounds "9"]
[EventCountry "POL"]
[Source "K. Przysiecki"]
[SourceDate "2015.05.25"]

1. e4 e6 2. d4 d5 3. Nd2 c5 4. exd5 Qxd5 5. Ngf3 cxd4 6. Bc4 Qd6 7. O-O Nf6 8.
Nb3 Nc6 9. Nbxd4 Nxd4 10. Qxd4 a6 11. Bf4 Qxd4 12. Nxd4 Bc5 13. Rad1 O-O 14.
Nb3 Be7 15. Bd6 Bxd6 16. Rxd6 b5 17. Be2 Ra7 18. Nc5 Nd7 19. Nxd7 Rxd7 20. Rfd1
Rfd8 21. Rxd7 Rxd7 22. Rxd7 Bxd7 23. f4 Kf8 24. b4 Ke7 25. Kf2 Kd6 26. c4 bxc4
27. Bxc4 Bc8 28. Ke3 f6 29. a4 Bb7 30. g3 e5 31. a5 h6 32. b5 axb5 33. Bxb5 g5
34. fxe5+ fxe5 35. a6 Bd5 36. Bd3 Kc7 37. Be4 Bxe4 38. Kxe4 Kb6 39. Kxe5 Kxa6
40. Kf5 Kb6 41. Kg6 g4 42. Kxh6 Kc6 43. Kg5 Kd6 44. Kxg4 Ke6 45. Kg5 Kf7 46.
Kh6 1-0

[Event "IV Integracyjny Turniej Szachowy "IDEA""]
[Site "Lubiewo k/Miedzyzdrojow"]
[Date "2015.05.29"]
[Round "6.2"]
[White "Zminda, Bogdan"]
[Black "Winiarski, Kazimierz"]
[Result "1-0"]
[WhiteElo "1944"]
[BlackElo "1929"]
[Annotator "Kajetan Przysiecki"]
[PlyCount "65"]
[EventDate "2015.05.??"]
[EventType "swiss"]
[EventRounds "9"]
[EventCountry "POL"]
[Source "K. Przysiecki"]
[SourceDate "2015.05.25"]

1. e4 d6 2. d4 c6 3. Nc3 Qc7 4. Nf3 Bg4 5. h3 Bh5 6. g4 Bg6 7. Nh4 e5 8. Be3
Be7 9. Nf5 Bxf5 10. exf5 Nd7 11. Qd2 f6 12. d5 c5 13. Bb5 a6 14. Bxd7+ Qxd7 15.
O-O-O Bd8 16. Ne4 Ne7 17. f4 O-O 18. fxe5 fxe5 19. f6 Ng6 20. fxg7 Rf7 21. Rdf1
Nf4 22. Bxf4 exf4 23. Rxf4 Rxg7 24. Rhf1 Be7 25. Nf6+ Bxf6 26. Rxf6 Re8 27. Qf4
Qe7 28. Re6 Qd7 29. Qxd6 Rd8 30. Qxc5 Rg6 31. Re7 Qxd5 32. Re8+ Kg7 33. Qf8#
1-0

[Event "IV Integracyjny Turniej Szachowy "IDEA""]
[Site "Lubiewo k/Miedzyzdrojow"]
[Date "2015.05.29"]
[Round "6.3"]
[White "Kozicz, Andrzej"]
[Black "Pojedziniec, Wladyslaw"]
[Result "1/2-1/2"]
[WhiteElo "2049"]
[BlackElo "2048"]
[Annotator "Kajetan Przysiecki"]
[PlyCount "20"]
[EventDate "2015.05.??"]
[EventType "swiss"]
[EventRounds "9"]
[EventCountry "POL"]
[Source "K. Przysiecki"]
[SourceDate "2015.05.25"]

1. e4 c6 2. d4 d5 3. Nc3 dxe4 4. Nxe4 Nd7 5. Be2 Ngf6 6. Ng3 e6 7. Nf3 c5 8.
O-O b6 9. b3 Bb7 10. Bb2 Be7 1/2-1/2